000 00384nam a2200133Ia 4500
005 20260328104300.0
008 260328s9999||||xx |||||||||||||| ||und||
100 _aLópez, Rocio
245 0 _aEspacio Abierto en Mesoamérica / Cultura y Paisaje /
_cRocio López
260 _bUniversidad Nacional Autónoma de México
300 _a72 p.
650 _aESPACIO ABIERTOS
942 _cBK
999 _c10572
_d10572